| Tag |
First Indicator |
Second Indicator |
Subfields |
| LEADER |
00000cam a2200000 4500 |
| 001 |
in00000730366 |
| 005 |
20151016074057.0 |
| 008 |
761207s1954 nyua 00000 eng |
| 010 |
|
|
|a 54006122
|
| 035 |
|
|
|a (OCoLC)02605197
|
| 035 |
|
|
|9 ADE9752AM
|
| 040 |
|
|
|a DLC
|c OHI
|d TXA
|d UtOrBLW
|
| 049 |
|
|
|a TXAM
|c [234726]
|
| 050 |
0 |
0 |
|a NA7120
|b .K5
|
| 082 |
0 |
|
|a 728.084
|
| 092 |
|
|
|a 728.084
|b K52r
|
| 100 |
1 |
|
|a King, A. Rowden.
|
| 245 |
1 |
0 |
|a Realtors' guide to architecture ;
|b how to identify and sell every kind of home.
|
| 264 |
|
1 |
|a New York :
|b Prentice-Hall,
|c 1954.
|
| 300 |
|
|
|a 234 pages :
|b illustrations ;
|c 24 cm.
|
| 336 |
|
|
|a text
|b txt
|2 rdacontent
|
| 337 |
|
|
|a unmediated
|b n
|2 rdamedia
|
| 338 |
|
|
|a volume
|b nc
|2 rdacarrier
|
| 650 |
|
0 |
|a Architecture, Domestic.
|
| 999 |
|
|
|a MARS
|
| 999 |
f |
f |
|s 64e58b25-0c60-321f-8311-10009b329e60
|i 22700e41-be2d-314b-b1cf-b06a6c05602b
|t 0
|
| 952 |
f |
f |
|p ric
|a Texas A&M University
|b Rellis Campus
|c Joint Library Facility
|d Remote Storage
|t 0
|e NA7120 .K5
|h Library of Congress classification
|i unmediated -- volume
|m A14801145753
|
| 998 |
f |
f |
|a NA7120 .K5
|t 0
|l Remote Storage
|